000 00474nam a2200157Ia 4500
008 210716s2012 xx 000 0 und d
020 _a9781847940933
041 _aeng
082 _a374.22 GETF
100 _aFisher, Roger;Ury, William.
245 _aGetting to yes: negotiating an agreement without giving in.
_bNegotiating an agreement without giving in.
250 _a1
260 _aLondon
_bRandom House
_c2012
300 _axxii,204
650 _aGeneral Management
999 _c208704
_d208704